[Event "Barquisimeto-ch (Women)"]
[Site "Barquisimeto"]
[Date "2011.10.22"]
[Round "1"]
[White "Osorio Panda, Intinusta A"]
[Black "Otazo Sanchez, Annyd Gabriela"]
[Result "1/2-1/2"]
[WhiteElo "1861"]
[BlackElo "1953"]
[PlyCount "113"]
[EventDate "2011.10.21"]
[EventType "tourn"]
[EventRounds "11"]
[EventCountry "VEN"]
[SourceTitle "EXT 2022"]
[Source "ChessBase"]
[SourceDate "2021.10.06"]
[SourceVersion "1"]
[SourceVersionDate "2021.10.06"]
[SourceQuality "1"]

1. e4 e5 2. d4 exd4 3. Nf3 Nc6 4. Nxd4 Nf6 5. Nxc6 bxc6 6. Nc3 Bb4 7. Bg5 h6 8. Bxf6 Qxf6 9. Qd2 Bxc3 10. Qxc3 Qxc3+ 11. bxc3 0-0 12. Bd3 Rb8 13. Kd2 d6 14. Rab1 Be6 15. a3 Rb6 16. c4 Rfb8 17. Rxb6 Rxb6 18. Ra1 c5 19. Kc1 Kf8 20. Rb1 Ke7 21. Rb5 c6 22. Rxb6 axb6 23. a4 Kd7 24. Kb2 Kc7 25. c3 Kb7 26. Ka3 Ka6 27. f4 Bg4 28. h3 Bd1 29. e5 dxe5 30. fxe5 Kb7 31. Bf5 Kc7 32. e6 fxe6 33. Bxe6 Be2 34. g3 Bd3 35. h4 Kd6 36. Bf7 Ke7 37. Bh5 Bxc4 38. a5 bxa5 39. Ka4 Bd5 40. Kxa5 Kf6 41. Kb6 c4 42. Kc5 Kf5 43. Kd4 g5 44. hxg5 Kxg5 45. Be2 Kf5 46. Bh5 Kg5 47. Be2 Bf7 48. Bf3 Kf5 49. Kc5 Kg5 50. Kxc6 h5 51. Kc5 Be6 52. Kd4 Bg4 53. Bd5 Be2 54. Be6 Bd3 55. Ke5 Bf1 56. Bd7 Bd3 57. Be6 1/2-1/2